000 00430nam a2200157Ia 4500
008 160316s1999 xxu||||| |||| 00| 0 eng d
082 _a344.041000
_bDIS
100 _a
245 _aIn the district court of the country of Mootonia
250 _a
260 _a
_bDistrict Court
_c1999
300 _a11
_b
_c
365 _b
650 _a1. Case Law 2. Phil Khajur vs. D.C. Pregnancy Research Centre 3. Abortion
700 _a
_a
999 _c35729
_d35729